1249 1822 1863 1376 1180 1048 1096 1262 1591 1719 1084 1824 1566 1888 1338 1997 1932 1279 1892 1758 1222 1833 1792 1354 1308 1961 1797 1869 1850 1599 1779 1774 1413 1504 1708 1375 1067 1248 1302 1242 1676 1002 1987 1836 1628 1022 1030 1116 1849 1748 1882 1487 1331 1809 1338 1243 1253 1486 1116 1075 1758 1150 1894 1231 1888 1298 1102 1719 1521 1065 1579 1872 1554 1071 1680 1414 1244 1225 1833 1880 1436 1489 1964 1971 1735 1342 1344 1145 1572 1568 1364 1689 1548 1746 1371 1100 1804 1344 1797 BCNSPRNW ULIB Ver.6.0+V

เปลี่ยนเป็นภาษาไทย

Change to English
 แสดงรายละเอียดบรรณานุกรม
  กลับหน้าหลัก

Brief Record : Get Marc (ISO 2709) : E-mail record : QR code < ปิดหน้าต่าง
LEADER : 00000nam 2200000uu 4500
001    13399121078
003     ULIB
008    121104s2553||||th 000 0 tha d
020    9786167153162
090    นว.^bพ112ม
100 0  พงศกร
245 00 มณีแดนสรวง/^cพงศกร
260    กรุงเทพฯ:^bโรงพิมพ์กรุงเทพ,^c2553
300    573 หน้า
945    ^p300^l0^i19550
995    เกษร
999    ^aใช้งานได้ทุกระบบ
รายการนี้ยังไม่มีแท็ก
คุณยังไม่ได้ล็อกอิน คุณสามารถมีกิจกรรมร่วมกับเว็บไซต์ได้ แต่ต้องล็อกอินก่อน ::
  ล็อกอิน

รายการสื่อสารสนเทศ

ลำดับที่ ประเภท เลขเรียก/บาร์โค้ด สถานที่ สถานะ
1. นวนิยาย
นวนิยาย
นว. พ112ม  
  Barcode: 19550
ห้องสมุดวิทยาเขตสวรรค์ประชารักษ์
►นวนิยาย
บนชั้น
  ขอยืม

รายการใกล้เคียง
    ผู้แต่ง [พงศกร]

BibComment


ยังไม่เคยถูกคอมเมนท์

คอมเมนท์ทรัพยากรรายการนี้
  คอมเมนท์: มณีแดนสรวง พงศกร


 Copyright 2026. Bcnsprnw @Library